000 01455nam a22003017a 4500
001 6722
003 FISKH
005 20250522150414.0
008 250522b cb ||||| |||| 00| 0 eng d
020 _a9780007279067
040 _aFISKH
_beng
_cFISKH
_dFISKH
050 _aPZ7.W1593357 M
082 _a823.92
100 _aWalliams, David
_d(1971-)
245 _aMr Stink /
_cDavid Walliams ; Illustrated by Quentin Blake
250 _aThis edition first published in 2009
260 _aLondon :
_bHarperCollins,
_c2009
300 _a267 pages :
_billustrations ;
_c20 cm
505 _aL
520 _a"Mr. Stink stank. He also stunk. And if it was correct English to say he stinked, then he stinked as well... Chloe sees Mr. Stink every day, but she's never spoken to him. Which isn't surprising, because he's a tramp, and he stinks. But there's more to Mr. Stink than meets the eye (or nose) and before she knows it, Chloe has an unusual new friend hiding in her garden shed. As Chloe struggles to keep Mr. Stink a secret, and her dad tries to hide a secret of his own, the stage is set for an epic family confrontation. But there's one other person with an extraordinary secret Mr. Stink himself."--Publisher's description
521 8 _a520
_bLexile
521 8 _aL
_bRaz-Plus
650 _2Middle grade
_aPrimary
650 _2Friendship
_aSecrets
700 _aBlake, Quentin
_dillustrator
942 _2ddc
_cBK
_n0
999 _c6722
_d6722